Duck and Recover (E-BOOK) (Record no. 193018)
[ view plain ]
| 000 -LEADER | |
|---|---|
| fixed length control field | 00897 a2200277 4500 |
| 003 - CONTROL NUMBER IDENTIFIER | |
| control field | Nust |
| 005 - DATE AND TIME OF LATEST TRANSACTION | |
| control field | 20170207154049.0 |
| 020 ## - INTERNATIONAL STANDARD BOOK NUMBER | |
| International Standard Book Number | 0-470-53153-2 |
| 020 ## - INTERNATIONAL STANDARD BOOK NUMBER | |
| International Standard Book Number | 978-0-470-53153-2 |
| 035 ## - SYSTEM CONTROL NUMBER | |
| System control number | (AU-PeEL)EBL448915 |
| 035 ## - SYSTEM CONTROL NUMBER | |
| System control number | (OCoLC)519031716 |
| 040 ## - CATALOGING SOURCE | |
| Transcribing agency | Nust |
| 082 00 - DEWEY DECIMAL CLASSIFICATION NUMBER | |
| Classification number | 658.4012 |
| 100 1# - MAIN ENTRY--PERSONAL NAME | |
| Personal name | Steven S, Little. |
| 245 10 - TITLE STATEMENT | |
| Title | Duck and Recover (E-BOOK) |
| Medium | [Elektronisk resurs] : |
| Remainder of title | The Embattled Business Owner's Guide to Survival and Growth. |
| Statement of responsibility, etc. | Steven S, Little. |
| 260 ## - PUBLICATION, DISTRIBUTION, ETC. | |
| Place of publication, distribution, etc. | Hoboken : |
| Name of publisher, distributor, etc. | John Wiley & Sons, Inc., |
| Date of publication, distribution, etc. | 2009. |
| 300 ## - PHYSICAL DESCRIPTION | |
| Extent | 1 online resource (226 p.) |
| 505 0# - FORMATTED CONTENTS NOTE | |
| Formatted contents note | SECTION I: PRESSING IMMEDIACIES (Page-13) SECTION II: GROWTH OPPORTUNITIES (Page-111) |
| 650 #4 - SUBJECT ADDED ENTRY--TOPICAL TERM | |
| Topical term or geographic name entry element | Management. |
| 650 #4 - SUBJECT ADDED ENTRY--TOPICAL TERM | |
| Topical term or geographic name entry element | Marketing. |
| 650 #4 - SUBJECT ADDED ENTRY--TOPICAL TERM | |
| Topical term or geographic name entry element | Organizational change. |
| 650 #4 - SUBJECT ADDED ENTRY--TOPICAL TERM | |
| Topical term or geographic name entry element | Organizational effectiveness. |
| 650 #4 - SUBJECT ADDED ENTRY--TOPICAL TERM | |
| Topical term or geographic name entry element | Success in business. |
| 651 ## - SUBJECT ADDED ENTRY--GEOGRAPHIC NAME | |
| Geographic name | (E-Book) |
| 655 #0 - INDEX TERM--GENRE/FORM | |
| Genre/form data or focus term | Electronic books. |
| 942 ## - ADDED ENTRY ELEMENTS (KOHA) | |
| Source of classification or shelving scheme | |
| Koha item type | Book |
| Withdrawn status | Lost status | Source of classification or shelving scheme | Damaged status | Not for loan | Collection code | Permanent Location | Current Location | Date acquired | Total Checkouts | Full call number | Barcode | Date last seen | Price effective from | Koha item type |
|---|---|---|---|---|---|---|---|---|---|---|---|---|---|---|
| Military College of Signals (MCS) | Military College of Signals (MCS) | 12/12/2016 | 658.4012 LIT | MCSEB-2601 | 12/08/2016 | 12/12/2016 | Book |
